NLSUI OPAC header image

Modern microeconomics : (Record no. 40866)

MARC details
000 -LEADER
fixed length control field 01078nam a2200229Ia 4500
003 - CONTROL NUMBER IDENTIFIER
control field OSt
005 - DATE AND TIME OF LATEST TRANSACTION
control field 20260515113551.0
008 - FIXED-LENGTH DATA ELEMENTS--GENERAL INFORMATION
fixed length control field 160316s2005 xxu||||| |||| 00| 0 eng d
020 ## - INTERNATIONAL STANDARD BOOK NUMBER
International Standard Book Number 9781845422080 (pbk.)
082 ## - DEWEY DECIMAL CLASSIFICATION NUMBER
Classification number 338.5 SNO
100 ## - MAIN ENTRY--PERSONAL NAME
Personal name Snowdon, Brian
245 ## - TITLE STATEMENT
Title Modern microeconomics :
Remainder of title its origins, development and current state /
Statement of responsibility, etc. Brian Snowdon and Howard R. Vane
260 ## - PUBLICATION, DISTRIBUTION, ETC.
Place of publication, distribution, etc. London :
Name of publisher, distributor, etc. Edward Elgar,
Date of publication, distribution, etc. 2005.
300 ## - PHYSICAL DESCRIPTION
Extent xviii, 807 p. :
Other physical details ill. ;
Dimensions 24 cm.
365 ## - TRADE PRICE
Price amount RS. 4,176.00
505 ## - Contents
Contents 1. Understanding Modern Macroeconomics<br/> 2. Keynes v. the 'Old' Classical Model<br/> 3. The Orthodox Keynesian School<br/> 4. The Orthodox Monetarist School<br/> 5. The New Classical School<br/> 6. The Real Business Cycle School <br/> 7. The New Keynesian School<br/> 8. The Post Keynesian School<br/> 9. The Austrian School<br/> 10. The New Political Macroeconomics <br/> 11. The Renaissance of Economic Growth Research<br/> 12. Conclusions and Reflections<br/>
650 ## - SUBJECT ADDED ENTRY--TOPICAL TERM
Topical term or geographic name entry element Microeconomics
650 ## - SUBJECT ADDED ENTRY--TOPICAL TERM
Topical term or geographic name entry element Development
650 ## - SUBJECT ADDED ENTRY--TOPICAL TERM
Topical term or geographic name entry element Economic.
700 ## - ADDED ENTRY--PERSONAL NAME
Personal name Vane, Howard R.
942 ## - ADDED ENTRY ELEMENTS (KOHA)
Source of classification or shelving scheme Dewey Decimal Classification
Koha item type BOOKs
Holdings
Withdrawn status Lost status Damaged status Not for loan Home library Current library Shelving location Date acquired Cost, normal purchase price Total Checkouts Full call number Barcode Date last seen Price effective from Koha item type
        NLS NLS General Stacks 30/05/2017 4176.00   338.5 SNO 34467 30/05/2017 30/05/2017 BOOKs